1749 1773 1219 1257 1527 1836 1525 1711 1155 1939 1262 1079 1372 1234 1635 1441 1326 1889 1013 1576 1370 1300 1656 1695 1699 1800 1303 1921 1158 1952 1045 1176 1606 1918 1211 1160 1906 1477 1472 1373 1806 1131 1052 1785 1206 1003 1129 1625 1245 1355 1036 1037 1978 1503 1688 1620 1049 1602 1803 1312 1123 1261 1496 1989 1430 1197 1860 1408 1751 1285 1789 1932 1656 1941 1921 1467 1568 1297 1616 1806 1629 1512 1239 1325 1832 1428 1516 1458 1894 1630 1651 1859 1826 1283 1441 1487 1092 1559 1918 BCNSPRNW ULIB Ver.6.0+V

เปลี่ยนเป็นภาษาไทย

Change to English
 แสดงรายละเอียดบรรณานุกรม
  กลับหน้าหลัก

Brief Record : Get Marc (ISO 2709) : E-mail record : QR code < ปิดหน้าต่าง
LEADER : 00000nam 2200000uu 4500
001    13399120293
003     ULIB
008    120918s2550||||th 000 0 tha d
020    ^a9744662651
041 0  ^atha
060 04 ^aWY157^bว734ก 2550
100 0  ^aวิไลลักษณ์ วงศ์อาษา
245 10 ^aการพยาบาลสตรีที่มีภาวะแทรกซ้อนระยะหลังคลอด/^cวิไลลักษณ์ วงศ์อาษา
250    ^aพิมพ์ครั้งที่ 1
260    ^aกรุงเทพฯ :^bคณะพยาบาลศาสตร์ มหาวิทยาลัยธรรมศาสตร์,^c2550
300    ^a109 หน้า :^bภาพประกอบ ;^c29 ซม.
650  7 ^aการติดเชื้อเต้านม
650  7 ^aการตกเลือดหลังคลอด
650  7 ^aการติดเชื้อหลังคลอด
650  7 ^aการมีเลือดคั่งบริเวณอวัยวะสืบพันธุ์
650  7 ^aภาวะลิ่มเลือดอุดตัน^xหลังคลอด
650  7 ^aมดลูก
650  7 ^aระบบทางเดินปัสสาวะผิดปกติ^xหลังคลอด
650  7 ^aหลอดเลือดดำ^xอักเสบหลังคลอด
650  0 ^aหลังคลอด^xความผิดปกติทางจิต
710 2  ^aมหาวิทยาลัยธรรมศาสตร์. ^bคณะพยาบาลศาสตร์
945    ^p200^l0^i15393
995    ^aวิภา
999 ^a ใช้งานได้ทุกระบบ
รายการนี้ยังไม่มีแท็ก
คุณยังไม่ได้ล็อกอิน คุณสามารถมีกิจกรรมร่วมกับเว็บไซต์ได้ แต่ต้องล็อกอินก่อน ::
  ล็อกอิน

รายการสื่อสารสนเทศ

ลำดับที่ ประเภท เลขเรียก/บาร์โค้ด สถานที่ สถานะ
1. วิทยาศาสตร์การแพทย์ และสุขภาพ
วิทยาศาสตร์การแพทย์ และสุขภาพ
WY157 ว734ก 2550  
  Barcode: 15393
ห้องสมุดวิทยาเขตนครสวรรค์
►ส่วนจัดเก็บหนังสือเก่า นว.
บนชั้น
  ขอยืม

รายการใกล้เคียง
    หัวเรื่อง [มดลูก]

BibComment


ยังไม่เคยถูกคอมเมนท์

คอมเมนท์ทรัพยากรรายการนี้
  คอมเมนท์: การพยาบาลสตรีที่..


 Copyright 2026. Bcnsprnw @Library